01276nam a22003017a 4500001000400000003000400004005001700008008004100025020001800066040000800084041001300092082001700105100001800122240002000140245010900160250001300269260004000282300001900322520044800341650002300789650001900812650001200831655001200843655001600855700003400871700004800905830002100953471OSt20250902095518.0250902b |||||||g |||| 00| 1 eng d a9788506065785 bpor1 aporheng04a028.5bA757c1 aArnold, Nick.00aChemical chaos.10aCaos químico /cNick Arnold ; ilustrado por Tony De Saulles ; [tradução de Antonio Carlos Vilela]. a2. ed. - aSão Paulo :bMelhoramentos,c2011 a158p. :bil. ; aO lado fascinante ( e nojento ) da ciência! Caos Químico pode explodir seu cérebro! Você está ardendo de curiosidade para saber: Por quê os vidros são na verdade, líquidos? O que produziria o maio mau cheiro do mundo? Como fazer sua própria pasta de dente? Se você acha que tem estômago para agüentar o lado nojento da ciência, veja o caos químico sendo colocado à prova. A ciência nunca foi tão horrível.  0aLiteratura Inglesa 0aInfantojuvenil 0aQuimica 0aRomance 0aFicção 1 aDe Saulles, Tony.eILUSTRADOR a Vilela, Antônio Carlos.eTradutord1966- aSaber horrível